[Event "Russian Team Championship (Women)"]
[Site "Sochi RUS"]
[Date "2016.05.02"]
[EventDate "2016.05.01"]
[Round "2.1"]
[Result "1/2-1/2"]
[White "Ekaterina Kovalevskaya"]
[Black "Evgenija Ovod"]
[WhiteElo "2467"]
[BlackElo "2329"]
[PlyCount "88"]

1. e4 e5 2. Nf3 Nc6 3. d4 exd4 4. Nxd4 Bb4+ 5. c3 Bc5 6. Nxc6
bxc6 7. Bd3 d6 8. O-O Nf6 9. h3 h6 10. Bf4 O-O 11. Nd2 Re8
12. Qf3 Nd7 13. Qg3 Qf6 14. Bc2 Ne5 15. Nb3 Bb6 16. Nd4 c5
17. Nf5 Bxf5 18. exf5 c4 19. Rae1 Rab8 20. Re2 Bc5 21. Ba4 Re7
22. Rfe1 Qxf5 23. Bxh6 f6 24. Bc2 Qh5 25. Bc1 Rbe8 26. Kf1 Kf7
27. Ba4 c6 28. Bc2 d5 29. f4 Ng6 30. Bxg6+ Qxg6 31. Rxe7+ Rxe7
32. Rxe7+ Bxe7 33. Qxg6+ Kxg6 34. Ke2 f5 35. Be3 c5 36. Kf3
Kf6 37. g4 fxg4+ 38. hxg4 g6 39. Ke2 Ke6 40. Kf3 a6 41. Bf2
Kd6 42. Bg3 Ke6 43. Bf2 Kd6 44. Bg3 Ke6 1/2-1/2

[Event "Russian Team Championship (Women)"]
[Site "Sochi RUS"]
[Date "2016.05.02"]
[EventDate "2016.05.01"]
[Round "2.1"]
[Result "0-1"]
[White "Dina Belenkaya"]
[Black "Alina Kashlinskaya"]
[WhiteElo "2289"]
[BlackElo "2466"]
[PlyCount "60"]

1. e4 e6 2. d4 d5 3. Nd2 c5 4. exd5 Qxd5 5. dxc5 Bxc5 6. Ngf3
Nf6 7. Bd3 O-O 8. Qe2 Nbd7 9. Ne4 b6 10. Nxc5 Nxc5 11. Bc4 Qc6
12. O-O Bb7 13. Rd1 a6 14. Qe1 Rfe8 15. Bf1 Ncd7 16. c4 e5
17. b3 Qc7 18. Qc3 Nc5 19. Bb2 Ng4 20. Nd2 Rad8 21. h3 Nxf2
22. Re1 Ncd3 23. Ba3 Qc6 24. Re3 Qg6 25. Kh2 Qg5 26. Re2 Qf4+
27. g3 Qh6 28. Bc1 Qc6 29. Ne4 Nxe4 30. Qc2 Nef2 0-1

[Event "Russian Team Championship (Women)"]
[Site "Sochi RUS"]
[Date "2016.05.02"]
[EventDate "2016.05.01"]
[Round "2.4"]
[Result "0-1"]
[White "Alisa Galliamova"]
[Black "Polina Shuvalova"]
[WhiteElo "2475"]
[BlackElo "2320"]
[PlyCount "92"]

1. d4 Nf6 2. c4 g6 3. Nf3 Bg7 4. e3 O-O 5. Be2 d6 6. O-O Nbd7
7. Nc3 e5 8. Qc2 Re8 9. Re1 c6 10. b4 e4 11. Nd2 Qe7 12. b5 c5
13. Bb2 h5 14. h3 h4 15. Rad1 Nf8 16. Bf1 Bf5 17. dxc5 dxc5
18. Nd5 Nxd5 19. cxd5 Bxb2 20. Qxb2 Rad8 21. Nc4 b6 22. Rd2 g5
23. Red1 Rd6 24. f3 Nd7 25. f4 Rg6 26. d6 Qf8 27. fxg5 Rxg5
28. Rd5 Qh6 29. Kh2 Be6 30. Rxg5+ Qxg5 31. Qf2 Kh7 32. Qf4
Qxf4+ 33. exf4 Rg8 34. Ne5 Nxe5 35. fxe5 Kg6 36. Be2 Kf5
37. Bg4+ Kxe5 38. Bxe6 Kxe6 39. Rf1 f5 40. Rf4 Rd8 41. Rxh4
Rxd6 42. Rh8 c4 43. Kg3 Ke5 44. Re8+ Kd4 45. Kf4 c3 46. Kxf5
e3 0-1

[Event "Russian Team Championship (Women)"]
[Site "Sochi RUS"]
[Date "2016.05.05"]
[EventDate "2016.05.01"]
[Round "5.3"]
[Result "1/2-1/2"]
[White "Elena Zaiatz"]
[Black "Dina Drozdova"]
[WhiteElo "2364"]
[BlackElo "2235"]
[PlyCount "155"]

1. d4 Nf6 2. c4 e6 3. Nc3 Bb4 4. e3 O-O 5. Ne2 d5 6. a3 Be7
7. cxd5 exd5 8. g3 c6 9. Bg2 a5 10. O-O Na6 11. Bd2 Re8
12. Rc1 Bf8 13. Qc2 Nc7 14. f3 Ne6 15. Rcd1 b5 16. Na2 c5
17. dxc5 Bxc5 18. b4 axb4 19. axb4 Bb6 20. Kh1 Qc7 21. Qb1 Bd7
22. Nac1 Ra3 23. Nb3 Qc4 24. Nec1 Rc8 25. Bh3 Qc2 26. Bf5 Qxb1
27. Bxb1 Ne8 28. e4 dxe4 29. Bxe4 Nf6 30. Be1 Ng5 31. Bb7 Rb8
32. h4 Ne6 33. Be4 Nf8 34. Bd3 Bh3 35. Bxb5 Bxf1 36. Bxf1 Ne6
37. Kg2 Rd8 38. Rxd8+ Nxd8 39. Bc4 Nc6 40. Bc3 Ra7 41. g4 Rc7
42. Nd2 Bd4 43. Bxd4 Nxd4 44. Nd3 Nd7 45. Kf2 Nb6 46. Ba6 Kf8
47. Ne4 Rc2+ 48. Ke3 Nc6 49. Nec5 Nd5+ 50. Ke4 Ndxb4 51. Bb5
Nxd3 52. Nxd3 Ne7 53. h5 Re2+ 54. Kf4 Nd5+ 55. Kg3 Rd2 56. f4
f6 57. Kf3 g6 58. hxg6 hxg6 59. Bc4 Nb6 60. Ba6 Ra2 61. Bb5
Ke7 62. Bc6 g5 63. Ke4 Rc2 64. Bb5 Nc8 65. Ke3 Nd6 66. Ba4 Rc4
67. Bd1 Rc8 68. Bf3 Nc4+ 69. Kd4 gxf4 70. Nxf4 Ne5 71. Be2 Rg8
72. Nd5+ Ke6 73. Ne3 Ra8 74. Bd1 Rd8+ 75. Ke4 Rxd1 76. Nxd1
Nxg4 77. Kf4 Ne5 78. Ne3 1/2-1/2

[Event "Russian Team Championship (Women)"]
[Site "Sochi RUS"]
[Date "2016.05.07"]
[EventDate "2016.05.01"]
[Round "6.1"]
[Result "1-0"]
[White "Alina Balaian"]
[Black "Tatiana Fatianova"]
[WhiteElo "2230"]
[BlackElo "2225"]
[PlyCount "69"]

1. e4 c6 2. d4 d5 3. f3 e6 4. Nc3 Bb4 5. a3 Bxc3+ 6. bxc3 dxe4
7. Qe2 exf3 8. Nxf3 Nf6 9. Qe3 Qa5 10. Bd2 Nbd7 11. Bd3 O-O
12. O-O Qh5 13. Ng5 h6 14. Ne4 Ng4 15. Qg3 Kh8 16. h3 Ngf6
17. Nd6 Ne8 18. Nxf7+ Qxf7 19. Rxf7 Rxf7 20. Qg6 Kg8 21. Qh7+
Kf8 22. Bg6 Ndf6 23. Qh8+ Ke7 24. Bxf7 Kxf7 25. Rf1 a5 26. g4
b6 27. h4 Ke7 28. g5 hxg5 29. hxg5 Nd7 30. Qg8 Bb7 31. Rf7+
Kd8 32. Rxg7 c5 33. Rh7 Kc7 34. Qxe6 Bc6 35. Bf4+ 1-0

[Event "Russian Team Championship (Women)"]
[Site "Sochi RUS"]
[Date "2016.05.08"]
[EventDate "2016.05.01"]
[Round "7.1"]
[Result "1-0"]
[White "Ekaterina Kovalevskaya"]
[Black "Lilit Mkrtchian"]
[WhiteElo "2467"]
[BlackElo "2434"]
[PlyCount "153"]

1. Nf3 Nf6 2. g3 b6 3. Bg2 Bb7 4. O-O e6 5. c4 Be7 6. b3 O-O
7. Bb2 d5 8. Qc2 Nbd7 9. Nc3 a5 10. d4 Ne4 11. cxd5 exd5
12. Nxe4 dxe4 13. Ne5 Nf6 14. Nc6 Qd6 15. Rac1 Rfe8 16. Ne5
Bd8 17. Rfd1 Bd5 18. Nc4 Qe6 19. Ne3 a4 20. Nxd5 Nxd5 21. bxa4
f5 22. Qb3 Qd7 23. e3 Rxa4 24. Bf1 Rb4 25. Qc2 b5 26. a3 Ra4
27. Qc6 Qxc6 28. Rxc6 Ra5 29. Rc5 c6 30. Rxc6 Be7 31. Rb1 Rb8
32. Bc1 Kf8 33. Bd2 Rxa3 34. Rxb5 Rxb5 35. Bxb5 Ra1+ 36. Kg2
g6 37. Bc4 Rd1 38. Rc8+ Kg7 39. Bxd5 Rxd2 40. Rc7 Kf8 41. Ra7
Rb2 42. h3 h5 43. h4 Rc2 44. Be6 Rc6 45. Bd7 Rb6 46. Ra5 Kf7
47. Bxf5 gxf5 48. Rxf5+ Rf6 49. Rxh5 Bb4 50. Kf1 Bd6 51. Ke2
Re6 52. Rf5+ Kg6 53. g4 Bc7 54. Rc5 Bd8 55. h5+ Kh6 56. Re5
Ra6 57. Rxe4 Ra2+ 58. Kf1 Bh4 59. Rf4 Kg5 60. Kg2 Rd2 61. Rf8
Ra2 62. d5 Kxg4 63. h6 Ra7 64. Rg8+ Kf5 65. Rg7 Ra6 66. h7 Rh6
67. Kf3 Bf6 68. Rd7 Bh8 69. e4+ Ke5 70. Ke3 Rh3+ 71. f3 Bf6
72. Rf7 Bg5+ 73. Kd3 Bf6 74. Kc4 Rh1 75. f4+ Kxe4 76. Rxf6
Rxh7 77. d6 1-0

[Event "Russian Team Championship (Women)"]
[Site "Sochi RUS"]
[Date "2016.05.09"]
[EventDate "2016.05.01"]
[Round "8.2"]
[Result "0-1"]
[White "Ekaterina Borisova"]
[Black "Dina Belenkaya"]
[WhiteElo "2058"]
[BlackElo "2289"]
[PlyCount "48"]

1. e4 c6 2. d4 d5 3. Nc3 dxe4 4. Nxe4 Bf5 5. Ng3 Bg6 6. Nh3 e6
7. Nf4 Bd6 8. Ngh5 Bxh5 9. Nxh5 g6 10. Ng3 Nf6 11. Bh6 Nbd7
12. Be2 Qc7 13. O-O O-O-O 14. c4 Rhg8 15. f4 Rge8 16. Bg5 h6
17. c5 Be7 18. Bxf6 Nxf6 19. Qa4 Rd7 20. Rad1 Red8 21. Rf3
Rxd4 22. Rxd4 Bxc5 23. Rd3 Rxd4 24. Rxd4 Qxf4 0-1

[Event "Russian Team Championship (Women)"]
[Site "Sochi RUS"]
[Date "2016.05.09"]
[EventDate "2016.05.01"]
[Round "8.3"]
[Result "1/2-1/2"]
[White "Lilit Mkrtchian"]
[Black "Elena Zaiatz"]
[WhiteElo "2434"]
[BlackElo "2364"]
[PlyCount "125"]

1. c4 e6 2. g3 d5 3. Bg2 dxc4 4. Qa4+ Nd7 5. Qxc4 c5 6. d3
Ngf6 7. Nf3 a6 8. Qb3 Bd6 9. a4 Rb8 10. a5 Bc7 11. Qa4 O-O
12. O-O Nd5 13. Nbd2 b5 14. axb6 N7xb6 15. Qc2 Bd6 16. Ne4 Nb4
17. Qb3 Be7 18. Bf4 Rb7 19. Rfc1 N6d5 20. Bd2 Nc6 21. Qa4 Rb5
22. Nc3 Rb6 23. Ne4 Rb5 24. Nc3 Rb6 25. Qc2 Bb7 26. Na4 Rb5
27. Qc4 Qb8 28. Qg4 Ne5 29. Nxe5 Qxe5 30. e4 h5 31. Qe2 Nb4
32. Bc3 Qg5 33. h4 Qh6 34. Bf3 Rd8 35. Bd2 Qh7 36. Ra3 g6
37. Be3 Rc8 38. Rb3 Na2 39. Rcc3 Nxc3 40. Rxc3 Qg7 41. Qc2 Qf8
42. Be2 f5 43. Rc4 Kh7 44. b3 Bd6 45. f4 Rb4 46. Bd2 Rxc4
47. Qxc4 e5 48. Nb6 Rd8 49. Nd5 exf4 50. Nxf4 Bxf4 51. Bxf4
fxe4 52. dxe4 Rd4 53. Qc1 Rxe4 54. Bd3 Rd4 55. Qe3 Qd8 56. Qe6
Re4 57. Bxe4 Qd4+ 58. Kf1 Qxe4 59. Qf7+ Kh8 60. Qf8+ Kh7
61. Qf7+ Kh8 62. Qf8+ Kh7 63. Qf7+ 1/2-1/2

[Event "Russian Team Championship (Women)"]
[Site "Sochi RUS"]
[Date "2016.05.10"]
[EventDate "2016.05.01"]
[Round "9.4"]
[Result "1-0"]
[White "Dina Drozdova"]
[Black "Elza Khazieva"]
[WhiteElo "2235"]
[BlackElo "2147"]
[PlyCount "99"]

1. d4 Nf6 2. c4 e6 3. Nc3 Bb4 4. e3 b6 5. Ne2 Ba6 6. a3 Bxc3+
7. Nxc3 d5 8. b3 O-O 9. Be2 Nc6 10. O-O Re8 11. Bb2 e5
12. dxe5 Nxe5 13. cxd5 Bxe2 14. Nxe2 Nxd5 15. e4 Nf6 16. Ng3
Qe7 17. Qc2 Rad8 18. Rad1 c5 19. f3 Nc6 20. Nf5 Qe6 21. Qc1 h6
22. g4 Nd4 23. Bxd4 cxd4 24. Nxd4 Qc8 25. Nc6 Rd7 26. Rxd7
Qxd7 27. Rd1 Qc7 28. Nd4 Qe5 29. Nf5 Nh7 30. Rd3 Qf6 31. Qc3
Qxc3 32. Rxc3 Ng5 33. Kf2 Rd8 34. Ne7+ Kf8 35. Nd5 Ne6 36. Ke3
g6 37. b4 Kg7 38. Rc6 Rh8 39. h4 Re8 40. Nc7 Re7 41. Nxe6+
fxe6 42. e5 Kf7 43. f4 Kg7 44. Ke4 h5 45. gxh5 gxh5 46. f5
exf5+ 47. Kxf5 Rf7+ 48. Kg5 Rd7 49. Rg6+ Kf8 50. Rd6 1-0

[Event "Russian Team Championship (Women)"]
[Site "Sochi RUS"]
[Date "2016.05.10"]
[EventDate "2016.05.01"]
[Round "9.4"]
[Result "1-0"]
[White "Lubov Markelova"]
[Black "Tatiana Fatianova"]
[WhiteElo "2059"]
[BlackElo "2225"]
[PlyCount "77"]

1. d4 Nc6 2. d5 Nb8 3. c4 d6 4. e4 Nf6 5. Nc3 g6 6. h3 c6
7. Nf3 Bg7 8. Bd3 O-O 9. Bg5 a6 10. O-O Nbd7 11. Qd2 Re8
12. Rfe1 Qc7 13. Rac1 cxd5 14. cxd5 Qa5 15. Be3 Nc5 16. Bb1
Nfd7 17. Bd4 Ne5 18. Nxe5 dxe5 19. Be3 Rd8 20. f3 Ne6 21. Qf2
Nd4 22. Ne2 Qb4 23. Red1 Qxb2 24. Nxd4 Qxf2+ 25. Kxf2 exd4
26. Bxd4 Bxd4+ 27. Rxd4 e6 28. Rc7 exd5 29. exd5 Rd6 30. Ke3
Rb8 31. Kf4 f6 32. Bc2 Bd7 33. Bb3 Kf7 34. Re4 g5+ 35. Ke3 Kg6
36. Re7 Re8 37. Rxd7 Rxe7+ 38. Rxe7 b5 39. Bc2+ 1-0